000
00343cam a2200145ua 4500
041
_a
hin
_h
082
_a
891.54
_b
SAN/MA
100
_a
shamthi, .
245
_a
Matti KKi /
_c
Shamthi Ghosh.
_h
Textual Documents
260
_a
Delhi :
_b
Rajkamal Prakashan ,
_c
1962.
300
_a
208 ; .
504
_a
942
_c
BK
999
_c
12316
_d
12316